[Event "EU-ch (Women) 19th"]
[Site "Stary Smokovec"]
[Date "2018.04.14"]
[Round "7"]
[White "Stetsko, Lanita"]
[Black "Balajayeva, Khanim Asad Qizi"]
[Result "0-1"]
[WhiteElo "2164"]
[BlackElo "2348"]
[PlyCount "78"]
[EventDate "2018.04.08"]
[EventType "swiss"]
[EventRounds "11"]
[EventCountry "SVK"]
[SourceTitle "CBM 184 Extra"]
[Source "ChessBase"]
[SourceDate "2018.06.28"]
[SourceVersion "1"]
[SourceVersionDate "2018.06.28"]
[SourceQuality "1"]

1. e4 e5 2. Nf3 Nc6 3. Bb5 a6 4. Ba4 Nf6 5. 0-0 Be7 6. Re1 b5 7. Bb3 d6 8. c3 0-0 9. h3 Bb7 10. d4 Nd7 11. a4 Na5 12. Bc2 c5 13. d5 Qc7 14. b3 c4 15. b4 Nb3 16. Bxb3 cxb3 17. axb5 axb5 18. Rxa8 Bxa8 19. g4 h5 20. Qxb3 hxg4 21. hxg4 f5 22. gxf5 g6 23. Bg5 Qd8 24. Bh6 Rf7 25. c4 gxf5 26. exf5 Rh7 27. Qe3 bxc4 28. Nc3 Nf6 29. Ng5 Ng4 30. Qg3 Bxg5 31. Qxg4 Rxh6 32. f4 exf4 33. Qe2 Bf6 34. Qg4+ Kh7 35. Re6 Qg8 36. Qxg8+ Kxg8 37. Kg2 Kg7 38. Rxd6 Bxc3 39. Rd7+ Kf6 0-1

[Event "EU-ch (Women) 19th"]
[Site "Stary Smokovec"]
[Date "2018.04.13"]
[Round "6"]
[White "Klek, Hanna Marie"]
[Black "Stetsko, Lanita"]
[Result "0-1"]
[WhiteElo "2327"]
[BlackElo "2164"]
[PlyCount "86"]
[EventDate "2018.04.08"]
[EventType "swiss"]
[EventRounds "11"]
[EventCountry "SVK"]
[SourceTitle "CBM 184 Extra"]
[Source "ChessBase"]
[SourceDate "2018.06.28"]
[SourceVersion "1"]
[SourceVersionDate "2018.06.28"]
[SourceQuality "1"]

1. e4 e5 2. Nf3 Nc6 3. Bb5 a6 4. Ba4 Nf6 5. 0-0 Be7 6. Re1 b5 7. Bb3 d6 8. c3 0-0 9. h3 Na5 10. Bc2 c5 11. d4 Qc7 12. Nbd2 cxd4 13. cxd4 Rd8 14. Nf1 exd4 15. Nxd4 d5 16. e5 Ne4 17. a3 Bc5 18. Be3 Nc4 19. b4 Bb6 20. a4 bxa4 21. Bxa4 Bb7 22. Rc1 Nxe3 23. fxe3 Qxe5 24. Bc6 Bxd4 25. exd4 Qe7 26. Ne3 Bxc6 27. Rxc6 Qxb4 28. Nxd5 Rxd5 29. Rxe4 g6 30. Rc7 Rad8 31. Qf1 Rf5 32. Qa1 a5 33. Rce7 Rdd5 34. Kh1 Qc4 35. Qa3 Kg7 36. Qe3 a4 37. Ra7 Qb4 38. Qd3 Qb3 39. Re3 Qxd3 40. Rxd3 Ra5 41. Rxa5 Rxa5 42. Ra3 Kf6 43. Kg1 Kf5 0-1

[Event "EU-ch (Women) 19th"]
[Site "Stary Smokovec"]
[Date "2018.04.10"]
[Round "3"]
[White "Stetsko, Lanita"]
[Black "Makka, Ioulia"]
[Result "1/2-1/2"]
[WhiteElo "2164"]
[BlackElo "2076"]
[PlyCount "73"]
[EventDate "2018.04.08"]
[EventType "swiss"]
[EventRounds "11"]
[EventCountry "SVK"]
[SourceTitle "CBM 184 Extra"]
[Source "ChessBase"]
[SourceDate "2018.06.28"]
[SourceVersion "1"]
[SourceVersionDate "2018.06.28"]
[SourceQuality "1"]

1. e4 e6 2. d4 d5 3. exd5 exd5 4. Nf3 Bd6 5. Bd3 Bg4 6. 0-0 Ne7 7. c4 dxc4 8. Bxc4 0-0 9. Nc3 Nbc6 10. Be3 Qd7 11. h3 Bh5 12. Be2 Rad8 13. Qb3 Qc8 14. Ne4 a6 15. Nc5 Na5 16. Qa4 Nac6 17. Qb3 Na5 18. Qa4 Nac6 19. Rac1 Nb8 20. Rfe1 Nd7 21. Nxd7 Qxd7 22. Qb3 Qc8 23. Bg5 Rde8 24. Bxe7 Rxe7 25. Ne5 Bxe2 26. Rxe2 b6 27. Rce1 Qf5 28. Re3 Bxe5 29. Rxe5 Rxe5 30. dxe5 a5 31. Qc4 Qd7 32. e6 fxe6 33. Rxe6 Kh8 34. Qe2 Qd4 35. Re8 Qf6 36. f3 h6 37. Rxf8+ 1/2-1/2